000 00550nam a2200181Ia 4500
008 090123s9999 xx 000 0 und d
082 _b25708
100 _aमराठे अनंत
245 _aड्युटी ऑफीसर
250 _a1
260 _bमराठे पब्लिशिंग हाऊस
300 _a118
600 _aमराठे अनंत
630 _aड्युटी ऑफीसर
700 _aमराठे अनंत
730 _aड्युटी ऑफीसर
942 _cBOOK
999 _c63779
_d63779